Star Wars: The Acolyte Characters by Picture - Statistics

General Stats
  • This quiz has been taken 96 times
  • The average score is 11 of 24
Answer Stats
Picture Answer % Correct
Verosha Aniseya
95%
Sol
93%
Mae-ho Aniseya
89%
The Stranger
85%
Yoda
69%
Torbin
59%
Jecki Lon
57%
Ki-Adi-Mundi
56%
Indara
54%
Kelnacca
54%
Darth Plagueis the Wise
52%
Bazil
51%
Yord Fandar
49%
Vernestra Rwoh
44%
Mother Aniseya
43%
Mother Koril
36%
Pip
30%
Mog Adana
18%
Chancellor Drellik
8%
Rayencourt
8%
Ithia Paan
7%
Tasi Lowa
7%
Blex
5%
Naasa
5%
No matching quizzes found
Score Distribution
Percent of People with Each Score
Percentile by Number Answered
Your Score History
You have not taken this quiz